Οργάνωσις Κωνσταντινουπόλεως
Αποθηκεύτηκε σε:
| Κύριος συγγραφέας: | |
|---|---|
| Μορφή: | Βιβλίο |
| Γλώσσα: | Greek |
| Δημοσίευση: |
Αθήνα; Γιάννινα :
Δωδώνη,
1984
|
| Θέματα: | |
| Ετικέτες: |
Προσθήκη ετικέτας
Δεν υπάρχουν, Καταχωρήστε ετικέτα πρώτοι!
|
MARC
| LEADER | 00000cam a2200000 i 4500 | ||
|---|---|---|---|
| 001 | 1/98103 | ||
| 008 | 950303s1984 gre d | ||
| 035 | |l 10010810 | ||
| 040 | |a GR-MY-UA |b gre |e aacr | ||
| 041 | 0 | |a gre | |
| 082 | 0 | |a 949.618 | |
| 100 | 1 | |a Σουλιώτης-Νικολαΐδης, Αθανάσιος, |d 1878-1945. | |
| 245 | 1 | 0 | |a Οργάνωσις Κωνσταντινουπόλεως / |c Αθανάσιος Σουλιώτης-Νικολαίδης |
| 260 | |a Αθήνα; Γιάννινα : |b Δωδώνη, |c 1984 | ||
| 300 | |a 305 σ. |b εικ. | ||
| 650 | 0 | 0 | |a Greeks |z Turkey |x Politics and government. |
| 650 | 0 | 0 | |a Nationalism |z Turkey. |
| 651 | 0 | |a Turkey |x History |y Abdul Hamid II, 1876-1909. | |
| 651 | 0 | |a Turkey |x History |y Mehmed V, 1909-1918. | |
| 651 | 0 | |a Istanbul (Turkey) |x History |y 20th century. | |
| 852 | |a INST |b LESVOS |e 19950303 |h 949.618 ΣΟΥ |p 005100002621 |q 005100002621 |t BK |y 0 | ||
| 909 | |a Λ |b 039695 | ||
| 970 | |z 2000/05/ΟΙΚΟΝΟΜΟΠΟΥΛΟΥ ΧΡΙΣΤΙΝΑ | ||